Same Character, Different Actors - Statistics

General Stats
  • This quiz has been taken 37 times
    23 since last reset
  • The average score is 34 of 133
Answer Stats
Group Answer % Correct
Spider-Man Tobey Maguire (Spider-Man [2002], Spider-Man 2 [2004], Spider-Man 3 [2007], Spider-Man: No Way Home [2021])
76%
Spider-Man Andrew Garfield (The Amazing Spider-Man [2012], The Amazing Spider-Man 2 [2014], Spider-Man: No Way Home [2021])
71%
Batman Christian Bale (Batman Begins [2005], The Dark Knight [2008], The Dark Knight Rises [2012])
71%
James Bond Daniel Craig (2006-2021)
71%
The Joker Joaquin Phoenix (Joker [2019])
71%
Batman Michael Keaton (Batman [1989], Batman Returns [1992], The Flash [2021])
71%
Spider-Man Tom Holland (Captain America: Civil War [2016], Spider-Man: Homecoming [2017], Avengers [2018, 2019], Spider-Man: Far From Home [2019], Spider-Man: No Way Home [2021]
71%
Batman Ben Affleck (Batman v Superman [2016], Justice League [2017], The Flash [2021])
65%
Superman Christopher Reeve (1978-87)
65%
The Joker Heath Ledger (The Dark Knight [2008])
65%
Sherlock Holmes Henry Cavill (Enola Holmes [2020], Enola Holmes 2 [2022])
65%
Superman Henry Cavill (Man of Steel [2013], Batman V Superman [2016], Justice League [2017])
65%
James Bond Sir Sean Connery (1962-67, 1971, 1983)
65%
King Arthur Sir Sean Connery (First Knight [1995])
65%
Robin Hood Sir Sean Connery (Robin and Marian [1976])
65%
Sherlock Holmes Benedict Cumberbatch (Sherlock [2010-17, BBC])
59%
Dracula Gary Oldman (Bram Stoker's Dracula[1992])
59%
Winston Churchill Gary Oldman (Darkest Hour [2017])
59%
The Joker Jack Nicholson (Batman [1989])
59%
James Bond Pierce Brosnan (1995-2002)
59%
Sherlock Holmes Robert Downey Jr. (Sherlock Holmes [2009], Sherlock Holmes: A Game of Shadows [2011])
59%
Batman Robert Pattinson (The Batman [2022])
59%
James Bond Timothy Dalton (The Living Daylights [1987], Licence to Kill [1989])
59%
Batman Adam West (Batman [1966-68, ABC])
53%
James Bond Sir Roger Moore (1973-85)
53%
Batman Val Kilmer (Batman Forever [1995])
53%
Lex Luthor Gene Hackman (1978-87)
47%
Batman George Clooney (Batman & Robin [1997], The Flash [2021])
47%
Al Capone Robert DeNiro (The Untouchables [1987])
47%
Dracula Christopher Lee (Dracula [1958])
41%
James Bond George Lazenby (On Her Majesty's Secret Service [1967])
41%
Robin Hood Kevin Costner (Robin Hood: Prince of Thieves [1991])
41%
The Doctor Matt Smith (The Eleventh Doctor)
41%
Morgana/Morgan Le Fay Dame Helen Mirren (Excalibur [1981])
35%
Queen Elizabeth II Dame Helen Mirren (The Queen [2006])
35%
The Doctor David Tennant (The Tenth Doctor, The Fourteenth Doctor)
35%
The Joker Jared Leto (Suicide Squad [2016])
35%
Dr. Watson Jude Law (Sherlock Holmes [2009], Sherlock Holmes: A Game of Shadows [2011])
35%
Lex Luthor Kevin Spacey (Superman Returns [2006])
35%
The Doctor Peter Capaldi (The Twelfth Doctor)
35%
Robin Hood Russell Crowe (Robin Hood [2010])
35%
Van Helsing Sir Anthony Hopkins (Bram Stoker's Dracula [1992])
35%
The Sherriff Of Nottingham Alan Rickman (Robin Hood: Prince of Thieves [1991])
29%
Satan (or The Devil) Al Pacino (The Devil's Advocate [1997])
29%
James Bond David Niven (Casino Royale [1967])
29%
Robin Hood Errol Flynn (The Adventures of Robin Hood [1938])
29%
Van Helsing Hugh Jackman (Van Helsing [2004])
29%
Lex Luthor Jesse Eisenberg (Batman V. Superman [2016])
29%
The Joker Cesar Romero (Batman [1966-68, ABC])
24%
The Doctor Christopher Eccleston (The Ninth Doctor)
24%
Richard Nixon Frank Langella (Frost/Nixon [2008])
24%
The Doctor Jodie Whittaker (The Thirteenth Doctor)
24%
Sir Lancelot Richard Gere (First Knight [1995])
24%
Dracula Bela Lugosi (Dracula [1931])
18%
Superman Brandon Routh (Superman Returns [2006])
18%
D'artagnan Chris O'Donnell (The Three Musketeers [1993])
18%
Queen Elizabeth II Claire Foy (The Crown [2016-17, Netflix])
18%
The Doctor Colin Baker (The Sixth Doctor)
18%
Satan (or The Devil) Elizabeth Hurley (Bedazzled [2000])
18%
Superman George Reeves (Adventures of Superman [1952-58, syndication]
18%
The Doctor Jon Pertwee (The Third Doctor)
18%
Guinevere Julia Ormond (First Knight [1995])
18%
Dr. Watson Martin Freeman (Sherlock [2010-17, BBC])
18%
The Doctor Ncuti Gatwa (The Fifteenth Doctor)
18%
Queen Elizabeth II Olivia Colman (The Crown [2019-20, Netflix])
18%
The Doctor Patrick Troughton (The Second Doctor)
18%
Sherlock Holmes Sir Ian McKellen (Mr. Holmes [2015])
18%
Merlin Sir Sam Neill (Merlin [2008 miniseries])
18%
The Doctor Sylvester McCoy (The Seventh Doctor)
18%
The Doctor Tom Baker (The Fourth Doctor)
18%
The Doctor William Hartnell (The First Doctor)
18%
Winston Churchill Albert Finney (The Gathering Storm [2002])
12%
Guinevere Angel Coulby (Merlin [2008-12], BBC)
12%
King Arthur Bradley James (Merlin [2008-2012], BBC)
12%
Merlin Colin Morgan (Merlin [2008-12, BBC])
12%
Richard Nixon Dan Hedaya (Dick [1999])
12%
The Doctor David Bradley (The First Doctor [2017])
12%
Van Helsing Edward Van Sloan (Dracula [1931])
12%
Morgana/Morgan Le Fay Eva Green (Camelot [2011], Starz)
12%
Sir Lancelot Franco Nero (Camelot [1967])
12%
Satan (or The Devil) Harvey Keitel (Little Nicky [2000])
12%
Morgana/Morgan Le Fay Helena Bonham Carter (Merlin [2008], miniseries)
12%
Queen Elizabeth II Imelda Staunton (The Crown [2022-23, Netflix])
12%
Sir Lancelot John Cleese (Monty Python and the Holy Grail [1975])
12%
Sherlock Holmes Jonny Lee Miller (Elementary [2012-19, CBS])
12%
Morgana/Morgan Le Fay Katie McGrath (Merlin [2008-12], BBC)
12%
Dracula Leslie Nielsen (Dracula, Dead and Loving It [1995])
12%
Van Helsing Mel Brooks (Dracula, Dead and Loving It [1995])
12%
Lex Luthor Michael Rosenbaum (Smallville [2001-11], The CW)
12%
Merlin Nicol Williamson (Excalibur [1981])
12%
The Doctor Paul McGann (The Eighth Doctor)
12%
Van Helsing Peter Cushing (Dracula [1958])
12%
The Doctor Peter Davidson (The Fifth Doctor)
12%
King Arthur Richard Harris (Camelot [1967])
12%
The Doctor Sir John Hurt (The War Doctor)
12%
Al Capone Stephen Graham (Boardwalk Empire [2010-14, HBO])
12%
Sherlock Holmes Basil Rathbone (1939-1946)
6%
Winston Churchill Brian Cox (Churchill [2016])
6%
John F. Kennedy Bruce Greenwood (Thirteen Days [2000])
6%
Robin Hood Cary Elwes (Robin Hood: Men in Tights [1993])
6%
King Arthur Clive Owen (King Arthur [2004])
6%
Superman Dean Cain (Lois and Clark [1993-97], ABC)
6%
Satan (or The Devil) Gabriel Byrne (End of Days [1999])
6%
D'artagnan Gabriel Byrne (The Man in the Iron Mask [1998])
6%
King Arthur Graham Chapman (Monty Python and the Holy Grail [1975])
6%
John F. Kennedy Greg Kinnear (The Kennedys [2011 miniseries])
6%
Batman Iain Glen (Titans [2019, DCU/HBO Max]
6%
Sir Lancelot Ioan Gruffudd (King Arthur [2004])
6%
Richard Nixon John Cusack (The Butler [2013])
6%
Winston Churchill John Lithgow (The Crown [2016], Netflix)
6%
Al Capone Jon Bernthal (Night at the Museum: Battle of the Smithsonian [2009])
6%
D'artagnan Justin Chambers (The Musketeer [2001])
6%
Guinevere Kiera Knightley (King Arthur [2004])
6%
Merlin Laurence Naismith (Camelot [1967])
6%
D'artagnan Logan Lerman (The Three Musketeers [2011])
6%
Dr. Watson Lucy Liu (Elementary [2012-19, CBS])
6%
Satan (or The Devil) Mark Pellegrino (Supernatural [2009-20, The CW])
6%
The Sherriff Of Nottingham Matthew McFayden (Robin Hood [2010])
6%
The Sherriff Of Nottingham Melville Cooper (The Adventures of Robin Hood [1938])
6%
John F. Kennedy Michael C. Hall (The Crown [2017, Netflix])
6%
Dracula Nicolas Cage (Renfield [2023])
6%
Dr. Watson Nigel Bruce (1939-1946)
6%
King Arthur Nigel Terry (Excalibur [1981])
6%
Dracula Richard Roxburgh (Van Helsing [2004])
6%
Richard Nixon Robert Wisden (Watchmen [2009])
6%
Al Capone Rod Steiger (Al Capone [1959])
6%
The Sherriff Of Nottingham Roger Rees (Robin Hood: Men in Tights [1993])
6%
Winston Churchill Timothy Spall (The King's Speech [2010])
6%
Al Capone Titus Welliver (Mobsters [1991])
6%
Superman Tom Welling (Smallville [2001-10, The CW])
6%
Guinevere Vanessa Redgrave (Camelot [1967])
6%
Satan (or The Devil) Viggo Mortensen (The Prophecy [1995])
6%
Merlin Stephen Dillane (King Arthur [2004])
0%
No matching quizzes found
Score Distribution
Percent of People with Each Score
Percentile by Number Answered
Your Score History
You have not taken this quiz since the last reset